Дело о рассмотрении проекта профессора технологии Харьковского университета К.К. Нельдехена о способе добывать масло из растения...

Доступно только в Электронных читальных залах Найти на картеНа карте
RUSMARC
00003860nmc2a2200000 x 450
001360f01a1-77ed-4a20-8dbb-f47ca92c4988
00520171115122550.0
100##$a20151211l18141814k l0rusy0189 ca
1010#$arus
$afre
102##$aRU
2001#$aДело о рассмотрении проекта профессора технологии Харьковского университета К.К. Нельдехена о способе добывать масло из растения, называемого myagrum paniculatum, Карла Людвига Вильденова
$j8 августа - 26 октября 1814 г.
251##$cДело
300##$aНа русском и французском языках
801#0$aRU
$bРГИА
$c20151211
$gRCR
801#1$aRU
$bГлавНИВЦ
$c20151211
$2rusmarc
801#2$aRU
$bПБ им. Б.Н. Ельцина
$c20171115
$gRCR
$2rusmarc
850##$aРГИА
852##$aРГИА
$eФедеральное казенное учреждение "Российский государственный исторический архив" (РГИА)
$j295
937##$hРГИА
$d12187430
$aASBIBLIO_SCAN
462#0$1001a72b6b5a-b506-4d67-873a-f622b4f5e56d
$12001
$aДела Департамента народного просвещения по цензурной части
$1251
$cОпись
$1852
$j118
461#0$1001a74412a3-3cc5-4d21-8f0a-dfe2fbd9e72d
$12001
$aДепартамент народного просвещения Министерства народного просвещения (1803-1917)
$1251
$cФонд
$1852
$j733
215##$a6 л.
$d36,5х26 см
371##$aДокумент не является опубликованным и широко распространяемым
105##$ay###
1222#$ad
035##$a360f01a1-77ed-4a20-8dbb-f47ca92c4988
856##$uhttp://readingroom.main.prlib.ru/item.aspx?id_node=n109054979&mode=full
Формат отображения